000 00534nam a2200169 i 4500
001 142990
003 ES-MaACL
005 20230906200702.0
007 t|
008 071011s1905 xxk ||||1| eng d
100 1 _aVerrall, A. W.
_9114200
245 1 0 _aEssays on four plays of Euripides
_b: Andromache, Helen, Heracles, Orestes /
_cA. W. Verrall.
260 _aCambridge :
_bUniversity Press,
_c1905.
300 _aXII, 294 p. ;
_c22 cm.
600 1 4 _aEurípides-
_xCrítica e interpretación.
_948333
852 _aES-MaACL
_jF-548
999 _c142990
_d142990